[Event "Bergen Sommer GP"]
[Site "Bergen"]
[Date "2013.08.03"]
[Round "3"]
[White "Holleland, Sigve"]
[Black "Hoel, Jorgen"]
[Result "0-1"]
[WhiteElo "1636"]
[BlackElo "1871"]
[PlyCount "50"]
[EventDate "2013.08.02"]
[EventType "swiss"]
[EventRounds "5"]
[EventCountry "NOR"]
[SourceTitle "EXT 2024"]
[Source "ChessBase"]
[SourceDate "2023.10.10"]
[SourceVersion "1"]
[SourceVersionDate "2023.10.10"]
[SourceQuality "1"]

1. c4 b6 2. Nc3 e6 3. e4 Bb7 4. g3 f5 5. Bg2 Nf6 6. d3 Bc5 7. Nge2 0-0 8. 0-0 fxe4 9. Nxe4 Bxe4 10. dxe4 Ng4 11. Nf4 Nxf2 12. Rxf2 Bxf2+ 13. Kxf2 g5 14. Kg1 gxf4 15. Qg4+ Kh8 16. Bxf4 Nc6 17. e5 Qe7 18. Bh6 Rg8 19. Qf3 Rae8 20. Rf1 Nxe5 21. Qh5 Ng6 22. Kh1 Qc5 23. Bg5 Ref8 24. Rxf8 Rxf8 25. Be4 Qxc4 0-1

[Event "NOR-ch U20"]
[Site "Lillehammer"]
[Date "2013.06.29"]
[Round "7"]
[White "Skagseth, Havard M"]
[Black "Hoel, Jorgen"]
[Result "1/2-1/2"]
[WhiteElo "1915"]
[BlackElo "1850"]
[PlyCount "96"]
[EventDate "2013.06.29"]
[EventType "swiss"]
[EventRounds "9"]
[EventCountry "NOR"]
[SourceTitle "EXT 2017"]
[Source "ChessBase"]
[SourceDate "2016.10.25"]
[SourceVersion "1"]
[SourceVersionDate "2016.10.25"]
[SourceQuality "1"]

1. e4 c6 2. Nc3 d5 3. Nf3 Nf6 4. e5 Ne4 5. d4 Bf5 6. Bd3 c5 7. Qe2 Nc6 8. Nxe4 dxe4 9. Bxe4 Bxe4 10. Qxe4 cxd4 11. e6 fxe6 12. Qxe6 Qd7 13. Qxd7+ Kxd7 14. Bf4 e5 15. Nxe5+ Nxe5 16. Bxe5 Re8 17. f4 Bd6 18. 0-0-0 Bxe5 19. fxe5 Rxe5 20. Rxd4+ Kc7 21. Rhd1 Re7 22. c4 Rf8 23. Kc2 Re2+ 24. R1d2 Rxd2+ 25. Rxd2 Rf5 26. h3 h5 27. Kc3 Kc6 28. Re2 Kd6 29. Re3 h4 30. Re4 Rg5 31. Rg4 Rxg4 32. hxg4 Ke5 33. b4 Kf4 34. c5 a6 35. a4 Kg3 36. b5 axb5 37. axb5 Kxg2 38. c6 bxc6 39. bxc6 h3 40. c7 h2 41. c8Q h1Q 42. Qb7+ Kh2 43. Qxh1+ Kxh1 44. Kd4 Kg2 45. Ke5 Kf3 46. Kf5 g6+ 47. Kg5 Kg3 48. Kxg6 Kxg4 1/2-1/2

[Event "Politiken Cup 34th"]
[Site "Helsingor"]
[Date "2012.08.03"]
[Round "8"]
[White "Hoel, Jorgen"]
[Black "Jensen, Morten Frank"]
[Result "1/2-1/2"]
[WhiteElo "1848"]
[BlackElo "2037"]
[PlyCount "106"]
[EventDate "2012.07.28"]
[EventType "swiss"]
[EventRounds "10"]
[EventCountry "DEN"]
[SourceTitle "CBM 149 Extra"]
[Source "ChessBase"]
[SourceDate "2012.08.24"]
[SourceVersion "1"]
[SourceVersionDate "2012.08.24"]
[SourceQuality "1"]

1. c4 g6 2. g3 Bg7 3. Bg2 c5 4. Nc3 Nc6 5. a3 b6 6. e3 Bb7 7. Nge2 Nf6 8. 0-0 0-0 9. Rb1 d6 10. b4 Qd7 11. d4 cxd4 12. exd4 Rac8 13. Nf4 Rfd8 14. Bh3 Qe8 15. Bxc8 Bxc8 16. Bb2 Bf5 17. Rc1 e5 18. dxe5 dxe5 19. Nfd5 Nd4 20. Nxf6+ Bxf6 21. Nd5 Bg7 22. Bxd4 exd4 23. Re1 Qd7 24. Ne7+ Kf8 25. Nxf5 Qxf5 26. Qd2 h5 27. h4 d3 28. Rcd1 Bd4 29. Qf4 Qxf4 30. gxf4 Bb2 31. Re3 Bxa3 32. Rexd3 Rxd3 33. Rxd3 Bxb4 34. Rd7 a5 35. Ra7 Kg7 36. Kf1 Kf6 37. Ke2 Ke6 38. Kf3 Bc5 39. Kg3 f6 40. Kf3 Kf5 41. Ra8 Bd6 42. Ra6 Bc5 43. Ra8 Ke6 44. Ra7 Bd4 45. Rg7 Bb2 46. Rb7 Bd4 47. Rg7 Kf5 48. Ra7 g5 49. fxg5 fxg5 50. hxg5 Kxg5 51. Kg2 h4 52. Kf3 Bc5 53. Rg7+ Kh5 1/2-1/2

[Event "Politiken Cup 34th"]
[Site "Helsingor"]
[Date "2012.07.30"]
[Round "4"]
[White "Hoel, Jorgen"]
[Black "Jensen, Jonbert"]
[Result "1-0"]
[WhiteElo "1848"]
[BlackElo "1632"]
[PlyCount "57"]
[EventDate "2012.07.28"]
[EventType "swiss"]
[EventRounds "10"]
[EventCountry "DEN"]
[SourceTitle "CBM 149 Extra"]
[Source "ChessBase"]
[SourceDate "2012.08.24"]
[SourceVersion "1"]
[SourceVersionDate "2012.08.24"]
[SourceQuality "1"]

1. d4 Nf6 2. Bg5 e6 3. e4 Be7 4. Nd2 Nd5 5. Bxe7 Nxe7 6. Bd3 Ng6 7. Ne2 Nc6 8. c3 d6 9. f4 0-0 10. 0-0 f5 11. Qc2 Nce7 12. Nf3 fxe4 13. Bxe4 d5 14. Bd3 Nf5 15. Qd2 b6 16. Ng5 Qf6 17. Rae1 Bd7 18. g4 Ngh4 19. gxf5 exf5 20. Nf3 Rae8 21. Nxh4 Qxh4 22. Ng3 Qg4 23. Be2 Qh4 24. Bf3 c6 25. Bg2 Rf6 26. Rxe8+ Bxe8 27. Qe2 Bf7 28. Qe7 Qh6 29. Qd8+ 1-0

[Event "Politiken Cup 34th"]
[Site "Helsingor"]
[Date "2012.07.28"]
[Round "1"]
[White "Ochsner, Bjorn Moller"]
[Black "Hoel, Jorgen"]
[Result "1-0"]
[WhiteElo "2290"]
[BlackElo "1848"]
[PlyCount "113"]
[EventDate "2012.07.28"]
[EventType "swiss"]
[EventRounds "10"]
[EventCountry "DEN"]
[SourceTitle "CBM 149 Extra"]
[Source "ChessBase"]
[SourceDate "2012.08.24"]
[SourceVersion "1"]
[SourceVersionDate "2012.08.24"]
[SourceQuality "1"]

1. e4 c5 2. Nf3 g6 3. c4 Nc6 4. d4 cxd4 5. Nxd4 Nf6 6. Nc3 d6 7. Be2 Nxd4 8. Qxd4 Bg7 9. Bg5 0-0 10. Qd2 Qa5 11. 0-0 Be6 12. Rac1 Rfc8 13. b3 a6 14. Bf3 Rab8 15. Ne2 Qxd2 16. Bxd2 Bg4 17. Bxg4 Nxg4 18. Nc3 Nf6 19. Rfe1 Kf8 20. f3 Nd7 21. Kf1 Nc5 22. Ke2 Ne6 23. Nd5 Rc6 24. Be3 Bd4 25. Bh6+ Bg7 26. Be3 Bd4 27. Bd2 Bg7 28. Red1 Rbc8 29. Be3 a5 30. Nb6 R8c7 31. Na8 Rc8 32. Nb6 R8c7 33. Na4 b5 34. cxb5 Nd4+ 35. Kd3 Nxb5 36. Rxc6 Rxc6 37. Rc1 Nd4 38. Rc4 Rxc4 39. Kxc4 Nc6 40. Bd2 Ke8 41. Kb5 Nb4 42. Bxb4 axb4 43. Kxb4 e6 44. Kc4 Kd7 45. b4 Kc7 46. Nc3 Bf8 47. a4 f5 48. a5 fxe4 49. fxe4 Kb7 50. b5 Be7 51. Ne2 h5 52. Nf4 Bf6 53. Nxg6 h4 54. Nf4 Be5 55. Nxe6 Bxh2 56. Nd4 Bf4 57. Nf5 1-0

[Event "NOR-ch U20"]
[Site "Sandefjord"]
[Date "2012.07.10"]
[Round "5"]
[White "Hoel, Jorgen"]
[Black "Christiansen, Johan Sebastian"]
[Result "0-1"]
[WhiteElo "1718"]
[BlackElo "2029"]
[PlyCount "72"]
[EventDate "2012.07.07"]
[EventType "swiss"]
[EventRounds "9"]
[EventCountry "NOR"]
[SourceTitle "EXT 2024"]
[Source "ChessBase"]
[SourceDate "2023.10.10"]
[SourceVersion "1"]
[SourceVersionDate "2023.10.10"]
[SourceQuality "1"]

1. d4 Nf6 2. Bg5 Ne4 3. Bf4 g5 4. Bc1 h6 5. c4 d5 6. Nc3 c6 7. cxd5 cxd5 8. Nxe4 dxe4 9. e3 Bg7 10. Bc4 0-0 11. Ne2 Qd6 12. 0-0 Bg4 13. Qc2 Qc6 14. d5 Qg6 15. f3 exf3 16. Qxg6 fxg6 17. d6+ e6 18. gxf3 Bh3 19. Rf2 Rd8 20. Bd2 Nc6 21. Nc3 Rxd6 22. Ne4 Rd7 23. Nc5 Re7 24. Bc3 Bxc3 25. bxc3 Ne5 26. Bb3 Rc8 27. Ne4 Bf5 28. Rd1 Kg7 29. Rd6 g4 30. Nd2 gxf3 31. e4 Bg4 32. h3 Bh5 33. Bxe6 Rxc3 34. Kh2 Rd3 35. Bd5 Rc7 36. Re6 Nf7 0-1

[Event "Politiken Cup 33rd"]
[Site "Helsingor"]
[Date "2011.08.02"]
[Round "5"]
[White "Simonsen, Per"]
[Black "Hoel, Jorgen"]
[Result "0-1"]
[WhiteElo "1912"]
[BlackElo "1851"]
[PlyCount "50"]
[EventDate "2011.07.30"]
[EventType "swiss"]
[EventRounds "10"]
[EventCountry "DEN"]
[SourceTitle "CBM 143 Extra"]
[Source "ChessBase"]
[SourceDate "2011.08.29"]
[SourceVersion "1"]
[SourceVersionDate "2011.08.29"]
[SourceQuality "1"]

1. d4 Nf6 2. c4 e6 3. Nc3 Bb4 4. Bg5 0-0 5. Qc2 d6 6. Nf3 Nbd7 7. 0-0-0 Bxc3 8. bxc3 d5 9. e3 c6 10. Bd3 h6 11. h4 Qa5 12. Kb2 dxc4 13. Bxc4 c5 14. Ne5 Nd5 15. Bf4 Nxf4 16. exf4 Nb6 17. d5 Na4+ 18. Kb3 b5 19. Be2 c4+ 20. Ka3 Nxc3+ 21. Kb2 Nxd1+ 22. Rxd1 exd5 23. Rxd5 Be6 24. Nc6 Qc7 25. Rc5 Qd6 0-1

[Event "Hordaland-ch NGP A"]
[Site "Bergen"]
[Date "2011.06.05"]
[Round "4"]
[White "Andersson, Joakim"]
[Black "Hoel, Jorgen"]
[Result "1/2-1/2"]
[WhiteElo "1710"]
[BlackElo "1709"]
[PlyCount "111"]
[EventDate "2011.06.03"]
[EventType "swiss"]
[EventRounds "5"]
[EventCountry "NOR"]
[SourceTitle "EXT 2024"]
[Source "ChessBase"]
[SourceDate "2023.10.10"]
[SourceVersion "1"]
[SourceVersionDate "2023.10.10"]
[SourceQuality "1"]

1. d4 d5 2. Nf3 Nf6 3. Bf4 Bf5 4. e3 e6 5. c4 c6 6. Nc3 Be7 7. Be2 0-0 8. h3 Nbd7 9. 0-0 Rc8 10. Qb3 Qb6 11. Rfd1 dxc4 12. Bxc4 c5 13. d5 exd5 14. Bxd5 Qxb3 15. axb3 Nxd5 16. Nxd5 Bd8 17. Rxa7 Nf6 18. Nxf6+ Bxf6 19. Be5 Bxe5 20. Nxe5 Rc7 21. Rd2 g6 22. f3 Be6 23. Nc4 Rfc8 24. Nb6 Re8 25. Rd3 Kg7 26. Kf2 g5 27. e4 Kg6 28. Nc4 Rec8 29. Nb6 Re8 30. Nc4 Rec8 31. Rd6 b5 32. Rxc7 Rxc7 33. Ne3 Ra7 34. Rb6 Ra2 35. Rxb5 Rxb2+ 36. Kg3 Rxb3 37. Rxb3 Bxb3 38. Kf2 Kf6 39. Ke2 Ke5 40. g3 Kd4 41. Nf5+ Ke5 42. Ke3 Be6 43. Nh6 Kf6 44. Ng4+ Ke7 45. Nf2 Kd6 46. f4 gxf4+ 47. gxf4 h5 48. f5 Bc4 49. h4 Ke5 50. Nh1 Bb3 51. Ng3 Bd1 52. Nf1 Bb3 53. Nd2 Ba2 54. Nf3+ Kd6 55. Ne1 f6 56. Nf3 1/2-1/2

[Event "Hordaland-ch NGP A"]
[Site "Bergen"]
[Date "2011.06.04"]
[Round "3"]
[White "Hoel, Jorgen"]
[Black "Martinsen, Stig K"]
[Result "0-1"]
[WhiteElo "1709"]
[BlackElo "2075"]
[PlyCount "42"]
[EventDate "2011.06.03"]
[EventType "swiss"]
[EventRounds "5"]
[EventCountry "NOR"]
[SourceTitle "EXT 2024"]
[Source "ChessBase"]
[SourceDate "2023.10.10"]
[SourceVersion "1"]
[SourceVersionDate "2023.10.10"]
[SourceQuality "1"]

1. d4 Nf6 2. Bg5 c5 3. d5 Qb6 4. Nc3 Qxb2 5. Bd2 Qb6 6. e4 d6 7. f4 e6 8. dxe6 Bxe6 9. Nf3 Be7 10. Bb5+ Nc6 11. Qe2 0-0 12. Na4 Qc7 13. c4 a6 14. Bxc6 Qxc6 15. Nc3 b5 16. Nd5 Rfe8 17. Rb1 Bd8 18. cxb5 axb5 19. 0-0 Nxd5 20. exd5 Bxd5 21. Qxb5 Qxb5 0-1

[Event "Politiken Cup 32nd"]
[Site "Copenhagen"]
[Date "2010.08.06"]
[Round "8"]
[White "Hoel, Jorgen"]
[Black "Pedersen, Jan Kaas"]
[Result "0-1"]
[WhiteElo "1824"]
[BlackElo "2061"]
[PlyCount "76"]
[EventDate "2010.07.31"]
[EventType "swiss"]
[EventRounds "10"]
[EventCountry "DEN"]
[SourceTitle "CBM 137 Extra"]
[Source "ChessBase"]
[SourceDate "2010.09.01"]
[SourceVersion "1"]
[SourceVersionDate "2010.09.01"]
[SourceQuality "1"]

1. c4 c6 2. d4 d5 3. Nf3 Nf6 4. e3 Nbd7 5. b3 dxc4 6. bxc4 g6 7. Be2 Ne4 8. 0-0 Bg7 9. Bb2 0-0 10. Nc3 Ndf6 11. Nxe4 Nxe4 12. Nd2 Nd6 13. Nb3 Re8 14. Rc1 a5 15. Nc5 Qc7 16. Qb3 h5 17. d5 Nf5 18. Bxg7 Kxg7 19. Qc3+ Kh7 20. e4 Nh6 21. Qd2 Qd6 22. Nd3 cxd5 23. cxd5 e6 24. dxe6 Bxe6 25. Qb2 Rab8 26. Rfd1 Qe7 27. Nc5 Rec8 28. Nxe6 Qxe6 29. Bf3 a4 30. a3 Ng4 31. Bxg4 Qxg4 32. Qf6 Kg8 33. f3 Rxc1 34. fxg4 Rxd1+ 35. Kf2 hxg4 36. Kg3 Re8 37. Kxg4 Rxe4+ 38. Kf3 Rf1+ 0-1

[Event "Politiken Cup 32nd"]
[Site "Copenhagen"]
[Date "2010.08.05"]
[Round "7"]
[White "Carnstam, Tomas"]
[Black "Hoel, Jorgen"]
[Result "1-0"]
[WhiteElo "2004"]
[BlackElo "1824"]
[PlyCount "55"]
[EventDate "2010.07.31"]
[EventType "swiss"]
[EventRounds "10"]
[EventCountry "DEN"]
[SourceTitle "CBM 137 Extra"]
[Source "ChessBase"]
[SourceDate "2010.09.01"]
[SourceVersion "1"]
[SourceVersionDate "2010.09.01"]
[SourceQuality "1"]

1. c4 c5 2. Nc3 Nc6 3. f4 g6 4. Nf3 Bg7 5. e3 d6 6. Be2 e5 7. fxe5 dxe5 8. 0-0 Nge7 9. e4 0-0 10. Nd5 a6 11. a4 f5 12. d3 f4 13. Bd2 a5 14. Be1 h6 15. Bf2 Nd4 16. Nxd4 exd4 17. Be1 Be5 18. Bg4 Qd6 19. Nxe7+ Qxe7 20. Bxc8 Rfxc8 21. Qg4 Rc6 22. Bd2 g5 23. Bxf4 Bxf4 24. Rxf4 Rb6 25. Rf2 Rb3 26. Qh3 Qg7 27. Qe6+ Kh8 28. Rf7 1-0

[Event "Politiken Cup 32nd"]
[Site "Copenhagen"]
[Date "2010.08.01"]
[Round "3"]
[White "Hornsgaard, Jens Boe"]
[Black "Hoel, Jorgen"]
[Result "1-0"]
[WhiteElo "2044"]
[BlackElo "1824"]
[PlyCount "49"]
[EventDate "2010.07.31"]
[EventType "swiss"]
[EventRounds "10"]
[EventCountry "DEN"]
[SourceTitle "CBM 137 Extra"]
[Source "ChessBase"]
[SourceDate "2010.09.01"]
[SourceVersion "1"]
[SourceVersionDate "2010.09.01"]
[SourceQuality "1"]

1. d4 d5 2. c4 c6 3. Nf3 Nf6 4. Nc3 dxc4 5. a4 Bf5 6. Ne5 Nbd7 7. Nxc4 e6 8. f3 Bb4 9. e4 Bg6 10. Qb3 a5 11. Bf4 0-0 12. 0-0-0 Nh5 13. Be3 b5 14. Ne5 bxa4 15. Qxa4 Nhf6 16. Nxc6 Qc7 17. Nxb4 axb4 18. Qxb4 Rfb8 19. Bb5 Rb7 20. Qc4 Qa5 21. Kd2 Rc7 22. Ra1 Rxc4 23. Rxa5 Rxd4+ 24. Bxd4 Rxa5 25. e5 1-0

[Event "Politiken Cup 32nd"]
[Site "Copenhagen"]
[Date "2010.07.31"]
[Round "1"]
[White "Laursen, Niels Norskov"]
[Black "Hoel, Jorgen"]
[Result "1-0"]
[WhiteElo "2215"]
[BlackElo "1824"]
[PlyCount "96"]
[EventDate "2010.07.31"]
[EventType "swiss"]
[EventRounds "10"]
[EventCountry "DEN"]
[SourceTitle "CBM 137 Extra"]
[Source "ChessBase"]
[SourceDate "2010.09.01"]
[SourceVersion "1"]
[SourceVersionDate "2010.09.01"]
[SourceQuality "1"]

1. e4 c5 2. Nf3 g6 3. d4 cxd4 4. Nxd4 Bg7 5. Nc3 Nc6 6. Be3 Nf6 7. Bc4 0-0 8. Bb3 Ng4 9. Qxg4 Nxd4 10. Qd1 Nc6 11. Qd2 d6 12. Bh6 Ne5 13. f3 Be6 14. h4 Bxb3 15. Bxg7 Kxg7 16. axb3 h5 17. Qd4 Qb6 18. Qxb6 axb6 19. Kd2 e6 20. Rhd1 Rfd8 21. Rxa8 Rxa8 22. Ke3 Rd8 23. Nb5 d5 24. c4 Nc6 25. cxd5 Nb4 26. d6 e5 27. g4 g5 28. gxh5 gxh4 29. f4 f6 30. Rh1 Kh6 31. Rxh4 Nc2+ 32. Kf2 Nd4 33. Nxd4 exd4 34. e5 fxe5 35. fxe5 Kg5 36. Rxd4 Kf5 37. d7 Kxe5 38. Ke3 Kf6 39. Ke4 Ke6 40. h6 Kf6 41. Rd6+ Ke7 42. Ke5 Kf7 43. b4 b5 44. Kd5 b6 45. Kc6 Kg8 46. Kc7 Kh8 47. Kxd8 Kg8 48. Ke7 Kh7 1-0

[Event "NOR-chT West Nord 0910"]
[Site "Norway"]
[Date "2010.02.14"]
[Round "5"]
[White "Hoel, Jorgen"]
[Black "Alikhani, Afshin"]
[Result "1-0"]
[WhiteElo "1649"]
[BlackElo "1486"]
[PlyCount "165"]
[EventDate "2009.11.08"]
[EventType "team-tourn"]
[EventRounds "5"]
[EventCountry "NOR"]
[SourceTitle "EXT 2012"]
[Source "ChessBase"]
[SourceDate "2011.11.24"]
[SourceVersion "1"]
[SourceVersionDate "2011.11.24"]
[SourceQuality "1"]

1. d4 c6 2. e4 d5 3. Nc3 dxe4 4. Nxe4 Nf6 5. Nxf6+ exf6 6. Nf3 Bd6 7. Be3 Be6 8. Be2 0-0 9. 0-0 Nd7 10. c4 b6 11. Rc1 Rc8 12. c5 Bb8 13. Ba6 Qc7 14. Bxc8 Bg4 15. g3 Rxc8 16. Bf4 Qd8 17. Bxb8 Nxb8 18. Re1 Qd5 19. Re3 g5 20. Qb3 Qf5 21. Rce1 Kg7 22. cxb6 axb6 23. Rc1 h5 24. Qd3 Qd5 25. Rc3 Qxa2 26. Rb3 Nd7 27. h4 c5 28. dxc5 Nxc5 29. Ra3 Qxb2 30. Qc3 Qb1+ 31. Re1 Qf5 32. hxg5 Ne4 33. gxf6+ Nxf6 34. Qd3 Qxd3 35. Rxd3 Bxf3 36. Rxf3 Rc7 37. Rb3 Rb7 38. Reb1 Nd7 39. Kg2 Kg6 40. Kh3 Rc7 41. R1b2 Rc6 42. Rb5 f6 43. Rd2 Ne5 44. f4 Ng4 45. Rdb2 Rc1 46. Rb1 Rc2 47. R5b2 Rc3 48. Rxb6 Nf2+ 49. Kg2 Ne4 50. R1b3 Rc2+ 51. Kg1 Rc1+ 52. Kg2 Rc2+ 53. Kh3 Nf2+ 54. Kh4 Ne4 55. Rb2 Rc1 56. Rb1 Rc2 57. R1b2 Rc3 58. R6b3 Rc1 59. Kh3 Nd6 60. g4 hxg4+ 61. Kxg4 Nf5 62. Rg2 Rc7 63. Rh3 Ng7 64. f5+ Kf7 65. Rf2 Rc4+ 66. Rf4 Rc5 67. Ra3 Rc7 68. Rd3 Ne8 69. Rfd4 Rc8 70. Rd7+ Kf8 71. Rd8 Rc7 72. Re3 Re7 73. Rxe7 Kxe7 74. Ra8 Nd6 75. Ra7+ Kf8 76. Ra6 Ke7 77. Ra7+ Kf8 78. Rd7 Nf7 79. Kh5 Ne5 80. Ra7 Kg8 81. Kh6 Kf8 82. Kh7 Ke8 83. Kg7 1-0

[Event "Politiken Cup 31st"]
[Site "Helsingor"]
[Date "2009.07.24"]
[Round "8"]
[White "Hansen, Anders"]
[Black "Hoel, Jorgen"]
[Result "0-1"]
[WhiteElo "2005"]
[BlackElo "1879"]
[PlyCount "48"]
[EventDate "2009.07.18"]
[EventType "swiss"]
[EventRounds "10"]
[EventCountry "DEN"]
[SourceTitle "CBM 131 Extra"]
[Source "ChessBase"]
[SourceDate "2009.09.03"]
[SourceVersion "2"]
[SourceVersionDate "2009.09.16"]
[SourceQuality "1"]

1. Nf3 g6 2. d4 Nf6 3. c4 Bg7 4. Nc3 0-0 5. e4 d6 6. Be2 e5 7. d5 a5 8. Qc2 Na6 9. a3 Nc5 10. Be3 Nfd7 11. Rb1 a4 12. 0-0 f5 13. exf5 gxf5 14. Bg5 Nf6 15. Nh4 Qd7 16. h3 Kh8 17. Bxf6 Bxf6 18. Nf3 Rg8 19. Ne1 Qg7 20. Nd1 f4 21. Kh2 e4 22. Rg1 Be5 23. f3 Qg3+ 24. Kh1 Bxh3 0-1

[Event "Bergen Hordaland op"]
[Site "Bergen"]
[Date "2008.04.05"]
[Round "2"]
[White "Holmgren, Trond A"]
[Black "Hoel, Jorgen"]
[Result "1-0"]
[WhiteElo "1301"]
[BlackElo "1376"]
[PlyCount "56"]
[EventDate "2008.04.04"]
[EventType "swiss"]
[EventRounds "5"]
[EventCountry "NOR"]
[SourceTitle "EXT 2010"]
[Source "ChessBase"]
[SourceDate "2010.11.25"]
[SourceVersion "1"]
[SourceVersionDate "2010.11.25"]
[SourceQuality "1"]

1. e4 c5 2. Nf3 g6 3. d4 cxd4 4. Nxd4 Nc6 5. c4 Bg7 6. Be3 Nf6 7. Nc3 0-0 8. Be2 d6 9. 0-0 Bd7 10. Qd2 Nxd4 11. Bxd4 Bc6 12. f3 a5 13. Nd5 Bxd5 14. cxd5 Nd7 15. Be3 Rc8 16. Rfc1 Rc7 17. Rxc7 Qxc7 18. Rc1 Qd8 19. b4 b6 20. Bb5 axb4 21. Bxd7 Qxd7 22. Qxb4 b5 23. Rc6 Ra8 24. Qxb5 Rxa2 25. Qb8+ Bf8 26. Bh6 Ra1+ 27. Kf2 Qa7+ 28. Qxa7 Rxa7 1-0